[Event "36th Zalakaros Festival 2017"]
[Site "Zalakaros"]
[Date "2017.05.21"]
[Round "4"]
[White "Nemeth, Miklos"]
[Black "Markus, Robert"]
[Result "1/2-1/2"]
[WhiteElo "2451"]
[BlackElo "2673"]
[Annotator "TA"]
[PlyCount "63"]
[EventDate "2017.??.??"]
[EventType "swiss"]
[EventCountry "HUN"]
[SourceTitle "playchess.com"]
[Source "ChessBase"]
[SourceQuality "1"]

{[%evp 9,63,52,43,27,24,22,21,17,28,0,0,0,3,-7,0,0,0,-16,0,0,0,0,0,-8,-1,0,14,9,13,23,92,85,114,92,97,98,92,62,58,63,97,94,89,82,68,73,113,0,0,0,0,0,0,0,0,0]} 1. e4 c5 2. Nf3 Nc6 3. d4 cxd4 4. Nxd4 Qb6 5. Nb3 Nf6 6. Bd3 {B32: Sicilian: Löwenthal and Kalashnikov Variations} (6. Nc3 e6 7. Bd3 a6 8. f4 d5 9. e5 Nd7 10. Qg4 Nc5 11. Nxc5 Qxc5 12. a3 g6 13. Nd1 Nd4 14. Ne3 Bd7 15. O-O Bb5 {1-0 (58) Robson,R (2668)-Kamsky,G (2659) Saint Louis 2017}) 6... d5 7. exd5 Nxd5 8. O-O g6 9. Bc4 Nf6 10. Nc3 {Nb5 is the strong threat.} Bg7 11. Bf4 {Strongly threatening Nb5.} O-O 12. Nb5 {[#] Hoping for Bc7.} Bg4 13. Qe1 $146 ({Predecessor:} 13. Qc1 Rfc8 {½-½ (50) Zelcic,R (2538)-Jankovic,A (2564) Marija Bistrica 2011}) 13... Nd5 14. Bxd5 Qxb5 15. c4 Qb6 16. h3 $132 {[%mdl 2048] White has counterplay} Bf5 {And now ...Bd3 would win.} 17. Qe2 a5 18. Rad1 e5 (18... a4 $5 {[%cal Ra4b3]} 19. Be3 Qc7 $14) 19. Be3 Nd4 (19... Qc7 $1 $11) 20. Qd2 $16 Nxb3 21. Bxb6 Nxd2 22. Rxd2 Bh6 23. Be3 Bxe3 24. fxe3 {[%cal Bf2e3,Be3e4][%mdl 32]} Rac8 25. e4 Be6 26. Bxe6 fxe6 {[%mdl 4096] Endgame KRR-KRR} 27. b3 a4 28. Rd7 (28. Rd6 $16) 28... Rxf1+ $11 {The position is equal.} 29. Kxf1 axb3 30. axb3 b5 $1 31. cxb5 Rb8 32. Rd6 {Precision: White = 65%, Black = 59%.} 1/2-1/2

[Event "36th Zalakaros Festival 2017"]
[Site "Zalakaros"]
[Date "2017.05.21"]
[Round "4"]
[White "Gazik, Viktor"]
[Black "Pacan-Milej, Kosma"]
[Result "1-0"]
[WhiteElo "2449"]
[BlackElo "2317"]
[Annotator "TA"]
[PlyCount "157"]
[EventDate "2017.??.??"]
[EventType "swiss"]
[EventCountry "HUN"]
[SourceTitle "playchess.com"]
[Source "ChessBase"]
[SourceQuality "1"]

{[%evp 10,157,14,11,4,2,7,18,29,14,33,-10,0,-8,0,-18,-18,-25,-16,-18,-15,-25,-22,-22,-20,-18,-18,-25,-31,-34,0,0,0,0,0,0,0,0,4,7,20,20,20,23,49,63,44,22,34,30,25,12,20,20,20,20,20,20,77,0,0,0,0,0,0,0,0,0,0,0,0,0,0,0,0,0,27,0,0,0,0,0,0,0,0,0,0,0,6,0,0,0,0,0,16,16,16,0,4,0,16,16,16,16,16,16,16,17,17,17,17,17,42,20,47,46,47,47,56,56,344,326,338,317,449,431,1018,971,852,770,614,584,634,324,433,323,302,283,283,283,283,283,29967,29968,29971,29971,29939,12847,29985,29986]} 1. Nf3 Nf6 2. g3 b5 3. Bg2 Bb7 4. O-O e6 5. c3 c5 6. a4 b4 {A05: Réti Opening: 1 Nf3 Nf6} 7. d3 (7. a5 Na6 8. d3 Be7 9. e4 O-O 10. e5 Nd5 11. c4 Ndc7 12. Nbd2 d6 13. exd6 Bxd6 14. Ne4 {1-0 (53) Azmaiparashvili,Z (2637)-Aleksandrov,A (2619) Liepaja 2015}) 7... d5 8. cxb4 cxb4 {The position is equal.} 9. Nbd2 Be7 10. Ne5 O-O 11. Ndf3 Nbd7 12. Bf4 Rc8 $146 ({Predecessor:} 12... Nxe5 13. Bxe5 Nd7 14. Bf4 {1-0 (62) Urankar,H (2246)-Fischer,A (2091) Bad Wiessee 2002}) 13. a5 Nxe5 14. Nxe5 Nd7 15. Qb3 Nxe5 16. Bxe5 Qd7 17. Bd4 Ba6 18. f4 Qc7 19. Bf3 Qc2 20. Qxc2 Rxc2 21. Rfc1 Rfc8 22. Rxc2 Rxc2 23. b3 Rc7 24. Kf2 g6 25. Ke3 Bb5 26. a6 Rc6 27. Ra5 Bxa6 28. Bxa7 Kf8 29. Bd4 Ke8 30. g4 Kd7 31. g5 Bb7 32. Ra7 Kc8 33. Ra1 Rc2 {[#]} (33... Ra6 $11 {keeps the balance.}) 34. h4 ({White should play} 34. Rg1 $1 $16) 34... Bd6 $11 35. h5 Kd7 36. Ra7 Kc8 37. Ra1 Kd7 38. Bg4 Kc8 39. Rh1 Bc6 40. Ra1 Bb7 41. Bf3 Kd7 42. Bg2 Kc8 43. hxg6 hxg6 44. Bh3 Kd7 45. Bg4 Kc8 46. Kf3 Kd7 47. Kg3 Kc8 48. Be5 Be7 49. Rh1 Kd7 50. Rh7 Ke8 51. Bf6 Bc8 52. Rh8+ Kd7 53. Rh7 (53. Bxe6+ $5 Kxe6 54. Re8 $14) 53... Ke8 $1 54. Rh8+ Kd7 55. Bxe6+ Kxe6 56. Re8 Rc7 $1 57. Bxe7 {[%mdl 4096] Endgame KRB-KRB} Kd7 58. Bd8 {Black must now prevent Rf8.} Rc2 $1 59. Rf8 {Hoping for Ba5.} Rxe2 60. Ba5 {aiming for Rd8+.} Re8 61. Rxf7+ Kc6 62. Bxb4 Re3+ 63. Kf2 Rxd3 64. Rf6+ Kd7 $2 {[%mdl 8192]} (64... Kb5 $14) 65. Rxg6 $18 Rxb3 66. Bc5 Rc3 (66... Rb5 $142) 67. Bd4 Rc6 (67... Rd3 $142 68. Be5 Ke7 69. Bd6+ Kd7) 68. Rg8 Ke7 69. g6 Be6 70. Rh8 Rc8 71. g7 {And now Rxc8 would win.} Bg8 72. Ke3 Kf7 73. Rh6 {Rf6+ is the strong threat.} Re8+ 74. Be5 Re6 75. Rh5 Re8 $2 (75... Kg6 $18 76. Rg5+ Kh6) 76. Rf5+ Ke7 {[#]} 77. Rf8 $1 {[%mdl 512]} Kd7 (77... Rxf8 78. Bd6+) 78. Kd4 Bh7 79. f5 {Precision: White = 70%, Black = 46%.} 1-0

[Event "36th Zalakaros Festival 2017"]
[Site "Zalakaros"]
[Date "2017.05.21"]
[Round "4"]
[White "Kreisl, Robert"]
[Black "Efimenko, Zahar"]
[Result "0-1"]
[WhiteElo "2448"]
[BlackElo "2648"]
[Annotator "TA"]
[PlyCount "70"]
[EventDate "2017.??.??"]
[EventType "swiss"]
[EventCountry "HUN"]
[SourceTitle "playchess.com"]
[Source "ChessBase"]
[SourceQuality "1"]

{[%evp 9,70,2,20,18,45,40,43,8,33,-19,0,-11,-16,-33,-22,-71,-104,-91,-31,-33,-17,-19,-32,-94,-95,-113,-93,-148,-135,-160,-162,-95,-110,-107,-99,-115,-77,-85,-93,-145,-145,-109,-129,-180,-177,-249,-235,-238,-242,-313,-297,-388,-383,-367,-354,-591,-597,-1158,-1072,-2187,-2053,-5883,-5389]} 1. e4 c5 2. Nf3 e6 3. d4 cxd4 4. Nxd4 Nc6 5. c4 Bc5 6. Nb3 {B44: Sicilian: Taimanov: 5 Nb5} Be7 7. Nc3 Nf6 8. f4 $146 {White is slightly better.} ({Predecessor:} 8. Be2 O-O 9. O-O b6 10. Bf4 d6 11. Qd3 Ba6 12. Qg3 Qb8 13. Bh6 Ne8 {0-1 (53) Iordachescu,V (2600)-Vajda,L (2597) Calimanesti Caciulata 2016}) 8... O-O 9. Qf3 (9. Be2 $14) 9... Nb4 10. e5 Ne8 {White must now prevent ...Nc2+.} 11. Qe2 d6 12. exd6 Nxd6 13. Be3 {[#]} Nf5 ({Black should try} 13... b5 $1 $17 {[%cal Rb5c4][%mdl 512]} 14. Nxb5 Nxb5) 14. Bf2 $1 $15 b6 15. a3 $1 {[%cal Ra3b4]} Nc6 16. Rd1 {[#]} (16. g3 $15) 16... Qc7 $1 $17 17. g3 Bb7 $36 {[%mdl 2048] And now ...Na5 would win. Black is in control.} 18. Bg2 (18. Nb5 $142 Qc8 19. Rg1) 18... Na5 19. Nxa5 Bxg2 20. Rg1 (20. Nb5 $19 Qc8 21. Rg1) 20... bxa5 21. Rxg2 Rfc8 22. Nb5 Qb7 23. Kf1 a6 24. g4 (24. Nd4 $142) 24... axb5 25. gxf5 exf5 26. Qe5 (26. cxb5 $17 g6 27. Rg3) 26... Bf8 $19 27. Qxb5 (27. cxb5 $142 Rd8 28. Re1) 27... Qe4 28. Qd5 Qxf4 29. b3 a4 ({But not} 29... Bxa3 30. Qd4 $19) 30. Rd4 Qc1+ 31. Rd1 Qxa3 32. Bd4 $2 (32. bxa4 Qxa4 33. c5) 32... Qxb3 {Black is clearly winning.} 33. Bxg7 Bxg7 34. Rxg7+ Kxg7 35. Qe5+ Kg8 {Precision: White = 42%, Black = 73%.} 0-1

[Event "36th Zalakaros Festival 2017"]
[Site "Zalakaros"]
[Date "2017.05.21"]
[Round "4"]
[White "Basso, Pier Luigi"]
[Black "Erdos, Viktor"]
[Result "0-1"]
[WhiteElo "2447"]
[BlackElo "2614"]
[Annotator "TA"]
[PlyCount "108"]
[EventDate "2017.??.??"]
[EventType "swiss"]
[EventCountry "HUN"]
[SourceTitle "playchess.com"]
[Source "ChessBase"]
[SourceQuality "1"]

{[%evp 19,108,34,46,24,55,-14,-13,-12,-7,-29,-25,-41,-40,-88,-79,-96,-91,-85,-91,-95,-77,-74,-62,-66,-65,-62,-52,-66,-52,-61,-44,-43,-51,-50,-52,-63,-58,-72,-74,-62,-25,-21,-31,-128,-126,-133,-84,-82,-64,-66,0,-84,-84,-172,-172,-172,-172,-172,-172,-172,-172,-171,-158,-501,-444,-776,-763,-770,-719,-3531,-2210,-12824,-6528,-1240,-681,-12825,-7015,-1569,-482,-12837,-12839,-12838,-12838,-6448,-9889,-12835,-10518,-12846,-12847,-12846,-12846]} 1. d4 Nf6 2. c4 g6 3. Nc3 d5 4. Bf4 Bg7 5. e3 O-O 6. Rc1 Be6 7. Nf3 dxc4 8. Ng5 {D92: Grünfeld: 4 Nf3 Bg7 5 Bf4} Bg4 9. f3 Bc8 10. Bxc4 c6 {[%cal Bc7c6,Bc6c5,Bc5c4][%mdl 32] LiveBook: 6 Games} 11. Qd2 $146 ({Predecessor:} 11. O-O h6 12. Nge4 Nd5 13. Bxd5 cxd5 14. Nf2 Nc6 15. Qb3 g5 {½-½ (29) Landa,K (2640)-Kasimdzhanov,R (2699) Germany 2013}) 11... Nd5 12. Bxb8 (12. Bg3 $14) 12... Rxb8 $11 13. f4 Nxc3 14. bxc3 c5 15. O-O b5 $36 {[%mdl 2048] Black is more active.} 16. Bb3 c4 17. Bc2 {[#]} e5 $1 {[%mdl 512]} 18. Nf3 (18. dxe5 Qxd2) 18... exf4 19. exf4 Bb7 20. Ne5 Qd6 21. Rb1 Ba8 22. a4 a6 {[%cal Ba7a6,Ba6b5][%mdl 32]} 23. axb5 axb5 24. Bd1 Rfd8 25. Bf3 {With the idea Bxa8.} f6 26. Ng4 $1 Bxf3 27. Rxf3 b4 $1 {[%cal Rb4c3]} 28. Rxb4 Rxb4 29. cxb4 Qxd4+ 30. Qxd4 Rxd4 $15 {[%mdl 4096] Endgame KRB-KRN} 31. Ne3 (31. b5 $15) 31... f5 $17 32. Nc2 Rd1+ 33. Rf1 Rd2 34. Rf2 Rd1+ 35. Rf1 Rd3 36. Rf3 (36. Rf2 $17) 36... Kf7 $19 37. Kf1 {[#]} Rxf3+ $1 38. gxf3 {KB-KN} Bh6 39. h3 Bxf4 40. Na3 c3 41. Ke2 $2 (41. b5 $17 {was the crucial defense.}) 41... Kf6 {Black is clearly winning.} 42. h4 (42. Nc2 $142 Ke6 43. Kd3) 42... h5 {[%cal Bh7h5,Bh5h4,Bh4h3][%mdl 32]} 43. b5 g5 44. hxg5+ Kxg5 45. b6 h4 46. Nc2 h3 {Hoping for ...h2.} 47. Kf2 Bd6 48. b7 Bb8 (48... Be5 $142 49. Ne3 Bb8) 49. Nb4 (49. Nd4 $142) 49... Kh4 50. f4 Bxf4 51. Kf3 Bb8 (51... Bd6 $142 52. Nc2 f4) 52. Nc2 Kg5 53. Ne3 h2 54. Kg2 f4 {Precision: White = 44%, Black = 84%.} 0-1

[Event "36th Zalakaros Festival 2017"]
[Site "Zalakaros"]
[Date "2017.05.21"]
[Round "4"]
[White "Shvayger, Yuliya"]
[Black "Secheres, Adrian-Simion"]
[Result "1-0"]
[WhiteElo "2423"]
[BlackElo "2309"]
[Annotator "TA"]
[PlyCount "70"]
[EventDate "2017.??.??"]
[EventType "swiss"]
[EventCountry "HUN"]
[SourceTitle "playchess.com"]
[Source "ChessBase"]
[SourceQuality "1"]

{[%evp 16,70,18,0,7,0,6,0,0,0,0,0,0,0,0,0,0,0,0,0,0,0,0,-9,-11,-14,-10,-2,0,0,0,0,0,0,0,0,0,0,0,0,0,0,42,42,42,43,43,50,70,71,71,73,82,77,227,227,227]} 1. e4 e6 2. d4 d5 3. Nd2 c5 4. exd5 Qxd5 5. dxc5 Nf6 (5... Bxc5 6. Ngf3 Nf6 7. Bc4 Qc6 8. O-O Nbd7 9. Qe2 a6 10. a4 b6 11. Nb3 Bb7 12. Nxc5 Nxc5 13. b4 Ncd7 14. Rd1 O-O 15. b5 {½-½ (31) Zherebukh,Y (2605)-So,W (2822) Saint Louis 2017}) 6. Ngf3 {C07: French Tarrasch: 3...c5, 4 Ngf3 and 4 exd5 Qxd5} Qxc5 7. Bd3 Nbd7 8. O-O Qc7 9. Re1 {LiveBook: 3 Games} Nc5 10. Bf1 $146 ({Predecessor:} 10. Bc4 Be7 11. Qe2 O-O 12. Nf1 b6 13. Ng3 {0-1 (55) Shvayger,Y (2323)-Kaczmarczyk,D (2408) Zuerich 2014}) 10... Be7 11. c4 O-O 12. b4 Ncd7 13. a3 a5 14. Rb1 b6 15. Qb3 Bb7 16. Bb2 Rfd8 17. Bc3 axb4 18. axb4 Nf8 19. Be5 Bd6 {Hoping for ...Bxe5.} 20. Qc3 Bxe5 21. Nxe5 Ra2 22. Rbd1 Ng6 23. Ndf3 Ne4 24. Qe3 Nxe5 25. Nxe5 Nxf2 26. Rxd8+ Qxd8 27. c5 bxc5 28. bxc5 {And now c6 would win.} Qd5 29. c6 Bxc6 30. Nxc6 Qxc6 31. Rc1 Qa8 {...h5 is the strong threat.} 32. Qf3 $1 $40 {[%mdl 128] White attacks with force.} Qd8 {White must now prevent ...h6.} 33. Be2 {[#]} Nh3+ $1 {[%mdl 512]} 34. Qxh3 Rxe2 {[#]} (34... Qd4+ $16 35. Kh1 Ra1) 35. Qd3 $1 $18 {[%cal Rd3d8][%mdl 512]} Qb6+ {Precision: White = 79%, Black = 80%.} ({Weaker is} 35... Qxd3 36. Rc8+ Qd8 37. Rxd8#) 1-0

[Event "36th Zalakaros Festival 2017"]
[Site "Zalakaros"]
[Date "2017.05.21"]
[Round "4"]
[White "Farago, Ivan"]
[Black "Sanal, Vahap"]
[Result "0-1"]
[WhiteElo "2411"]
[BlackElo "2533"]
[Annotator "TA"]
[PlyCount "66"]
[EventDate "2017.??.??"]
[EventType "swiss"]
[EventCountry "HUN"]
[SourceTitle "playchess.com"]
[Source "ChessBase"]
[SourceQuality "1"]

{[%evp 10,66,11,6,26,22,33,0,33,30,38,31,33,30,41,37,34,-17,0,-5,35,0,25,0,20,13,25,24,45,46,45,39,54,48,123,0,2,0,0,-14,0,0,2,-16,-14,-13,-14,-35,-33,-43,-42,-68,-70,-72,-67,-247,-268,-330,-341]} 1. d4 Nf6 2. c4 e6 3. Nc3 Bb4 4. e3 O-O 5. Bd3 d5 6. Nf3 Re8 {E51: Nimzo-Indian: Rubinstein: 4...0-0 5 Nf3 d5} (6... c5 7. O-O cxd4 8. exd4 dxc4 9. Bxc4 b6 10. Bg5 Bxc3 11. bxc3 Bb7 12. Bd3 Nbd7 13. c4 Qc7 14. Re1 Rac8 15. Qe2 h6 16. Bd2 Rfd8 17. Rac1 Qd6 18. Bc3 Qf4 19. Qe3 Qc7 20. h3 Ba8 21. Bb2 Qb7 22. Bf1 {½-½ (40) Wojtaszek,R (2745)-Radjabov,T (2710) Shamkir 2017}) 7. O-O c5 8. h3 Nc6 {The position is equal.} 9. cxd5 exd5 10. dxc5 $1 Bxc5 11. b3 Ne4 12. Bb2 Bf5 13. Re1 $146 ({White should try} 13. Rc1 $14) ({Predecessor:} 13. Rc1 Bb6 14. Na4 Bc7 15. Nc5 Qc8 16. Re1 Bb6 17. b4 Bxc5 18. bxc5 {0-1 (66) Agdestein,S (2602)-Ghaem Maghami,E (2574) Doha 2016}) 13... Bb4 $11 14. Rc1 Bg6 15. Rf1 Rc8 16. Nb5 Bh5 (16... a6 $5 {[%cal Ra6b5]} 17. Nbd4 Nxd4 18. Nxd4 Rxc1 19. Qxc1 Bd6 $11) 17. Be2 Bxf3 18. Bxf3 Qa5 19. Bxe4 dxe4 20. Qg4 {[%csl Gb2][%cal Rg4g7]} g6 21. a4 f5 {[#]} (21... a6 $14 22. Qf4 Be7) 22. Qg5 (22. Qe2 $1 $16) 22... Qd8 23. Qxd8 Rexd8 ({Don't play} 23... Rcxd8 $6 24. Nc7 $16) 24. Nd4 Nxd4 25. Bxd4 b6 26. Rfd1 Kf7 27. Kf1 Ke6 28. Ke2 Ba3 29. Rxc8 Rxc8 30. a5 Rc2+ 31. Kf1 bxa5 {[%cal Bb6a5,Ba5a4][%mdl 32]} 32. Bxa7 $2 {[#]} (32. Ra1 $15 Bb4 33. Bxa7) 32... Rb2 $1 $19 33. Bb6 a4 $1 {Precision: White = 49%, Black = 40%.} ({Weaker is} 33... Rxb3 34. Bxa5 Bd6 35. Rc1 $15) 0-1

[Event "36th Zalakaros Festival 2017"]
[Site "Zalakaros"]
[Date "2017.05.21"]
[Round "4"]
[White "Frolov, Artur"]
[Black "Rahul Srivatshav P"]
[Result "1/2-1/2"]
[WhiteElo "2410"]
[BlackElo "2303"]
[Annotator "TA"]
[PlyCount "81"]
[EventDate "2017.??.??"]
[EventType "swiss"]
[EventCountry "HUN"]
[SourceTitle "playchess.com"]
[Source "ChessBase"]
[SourceQuality "1"]

{[%evp 17,81,16,19,8,0,0,0,-6,0,0,0,-18,18,-17,70,64,76,80,79,59,80,71,62,70,81,58,60,62,62,0,0,0,0,0,0,0,0,0,0,0,0,0,0,-86,-86,-86,-81,-86,-75,-76,-72,-102,-103,-114,-58,-59,-59,-59,-59,-59,-59,-86,-86,-86,-86,-91]} 1. e4 c5 2. Nf3 e6 3. d4 cxd4 4. Nxd4 Nc6 5. Nc3 Qc7 6. Be3 a6 7. f3 Nf6 {[%cal Bg8f6,Bf6h5,Bh5f4][%mdl 32]} 8. Qd2 b5 9. Nxc6 {B48: Sicilian: Taimanov: 5 Nc3 Qc7 6 Be3 a6 without Be2} (9. g4 Bb7 10. O-O-O Nxd4 11. Bxd4 Be7 12. g5 Nh5 13. Ne2 Rc8 14. Rg1 O-O 15. Bh3 g6 16. Kb1 d5 17. e5 {0-1 (66) Almasi,Z (2710)-Movsesian,S (2700) Warsaw 2013}) 9... dxc6 {LiveBook: 15 Games} 10. g4 e5 11. g5 $146 {The position is equal.} ({Predecessor:} 11. h4 Be7 12. h5 h6 13. Ne2 Nh7 14. Ng3 Ng5 15. Qf2 Qa5+ 16. Bd2 Qa4 17. Bd3 c5 18. Nf5 Bxf5 19. exf5 c4 20. Bxg5 Bxg5 21. Qc5 cxd3 22. Qc6+ Ke7 23. Qb7+ Kf6 {½-½ (23) Bierenbroodspot,P (2300)-Trimp,M Netherlands 1995}) 11... Nh5 12. O-O-O Be7 13. Qf2 $40 {[%mdl 128] White mounts an attack.} O-O 14. h4 a5 15. a4 (15. Bxb5 $5 cxb5 16. Nd5 $11) 15... b4 ({Black should try} 15... Be6 $1 $11) 16. Nb1 $1 $14 Nf4 17. Nd2 c5 18. Bc4 Kh8 19. b3 f6 20. Bxf4 exf4 21. Bd5 Rb8 22. Nc4 Ba6 23. Kb1 ({White should play} 23. Nb2 $1 $14) 23... Bxc4 $11 24. Bxc4 Rbd8 25. Rd5 Rxd5 26. exd5 fxg5 27. hxg5 Bxg5 28. Bd3 (28. Qh2 $5 {[%cal Rh2h7]} g6 29. d6 $1 $14 {[%mdl 512]}) 28... h6 29. Qe2 {Black must now prevent Qe4.} Qe7 30. Qe6 (30. Qxe7 $11 Bxe7 31. Re1) 30... Qxe6 $17 31. dxe6 {[%mdl 4096] Endgame KRB-KRB} Rd8 32. Kc1 Kg8 33. Re1 Be7 34. Bg6 Rd5 35. Rd1 Rd6 (35... Rg5 $17 36. Rd7 Rxg6 37. Rxe7 Kf8 38. Rf7+ Ke8) 36. Rxd6 Bxd6 37. Kd2 Kf8 $1 38. Kd3 Ke7 39. Bf7 {[#]} Kf6 $1 40. Ke4 g6 41. Kd3 {Precision: White = 62%, Black = 66%.} 1/2-1/2

[Event "36th Zalakaros Festival 2017"]
[Site "Zalakaros"]
[Date "2017.05.21"]
[Round "4"]
[White "Juhasz, Armin"]
[Black "Gazik, Igor"]
[Result "1-0"]
[WhiteElo "2410"]
[BlackElo "2292"]
[Annotator "TA"]
[PlyCount "181"]
[EventDate "2017.??.??"]
[EventType "swiss"]
[EventCountry "HUN"]
[SourceTitle "playchess.com"]
[Source "ChessBase"]
[SourceQuality "1"]

{[%evp 28,181,23,26,20,7,33,15,34,22,24,30,165,160,202,204,189,196,200,193,203,202,190,180,211,189,270,263,256,247,251,244,350,338,410,406,372,261,262,247,290,276,284,281,317,276,276,265,391,389,388,374,373,373,372,372,375,346,342,324,408,373,359,352,464,464,458,457,441,339,523,518,513,503,567,502,462,409,431,493,491,491,469,470,520,516,658,642,667,645,744,673,842,666,702,666,1128,645,738,722,743,743,694,675,676,650,647,645,666,666,666,638,796,792,901,847,1071,1031,1160,1133,12828,12829,12829,12829,12827,5439,6125,6099,5214,1883,2672,1738,1273,1106,843,0,1754,1538,12837,1724,1567,902,896,898,870,870,1041,1020,958,849,6145,959,2200,943,12845,29979]} 1. d4 g6 2. e4 Bg7 3. c4 d6 4. Nc3 Nd7 5. Be2 e5 6. Nf3 Ngf6 7. O-O O-O 8. Be3 exd4 9. Nxd4 Re8 10. f3 c6 11. Nc2 {E94: King's Indian: Classical: 6 Be2 e5 7 0-0: Various Black 7th moves} (11. Qc2 Nh5 12. Rad1 Qe7 13. Qd2 a5 14. Na4 f5 15. Nb3 fxe4 16. f4 Bf8 17. f5 Ne5 18. Nb6 Rb8 {0-1 (38) Kulaots,K (2585)-Akopian,V (2684) Plovdiv 2012}) 11... Ne5 12. Qd2 Be6 13. b3 d5 14. exd5 cxd5 15. c5 {LiveBook: 5 Games} a6 16. Rfe1 $146 ({Predecessor:} 16. Rac1 Qe7 17. Rfe1 Rad8 18. Nd4 {1-0 (54) David,V (2320)-Pel,B (2304) France 2003}) 16... Qc7 17. Rac1 Rad8 18. Nd4 Bd7 19. Bf1 Neg4 (19... Nc6 $11 20. Nce2 Qa5) 20. fxg4 $18 Nxg4 {[%csl Gg4][%cal Rc7h2] [#]} 21. Bf4 $1 {[%cal Rf4c7]} Qxc5 {[#]} 22. Red1 $1 Re1 23. Nce2 Rxd1 24. Rxc5 Rxd2 25. Bxd2 Nf6 26. Rc7 b6 (26... Bc8 $142 27. Nf3 Ne4) 27. Bg5 {aiming for Nc6.} h6 28. Bf4 g5 29. Bd6 Bb5 (29... Ne8 $142) 30. Be7 Re8 31. Nxb5 axb5 32. Bxf6 Bxf6 33. Rd7 Re5 34. g3 b4 35. Kg2 Be7 36. Nd4 Bc5 37. Nf3 Rf5 (37... Re8 $142 38. Rxd5 Ra8) 38. Bd3 Rf6 {If only Black now had time for ...g4....} 39. Rd8+ Kg7 40. Rxd5 Re6 41. Bc4 Re7 42. g4 Ra7 43. Rd2 Re7 44. h3 Kf6 45. Re2 Rd7 46. Nd2 Kg6 47. Ne4 Be7 48. Rd2 Ra7 (48... Rxd2+ $142 49. Nxd2 Bd6) 49. Ng3 Bc5 50. Kf3 Rc7 51. Bd3+ Kg7 52. Be4 Ra7 53. Nf5+ Kg6 54. Bb1 Ra8 55. Rd7 Kf6 56. Nxh6 Rh8 57. Rxf7+ Ke6 58. Rh7 Rd8 59. Bf5+ Kf6 60. Rf7+ Ke5 61. Rd7 Ra8 62. Rd2 Kf6 63. Re2 Kg7 64. Be4 Rd8 65. Nf5+ Kf6 66. Bc2 Rd7 67. Ng3 Kf7 68. Ne4 Be7 69. Rd2 Rc7 70. Bd3 Rc1 71. Bc4+ Ke8 72. Rd5 Rc2 73. Nxg5 Rxa2 74. Bb5+ Kf8 75. Rf5+ Kg8 76. Bc4+ Kh8 77. Ne6 Rh2 78. Rh5+ Kg8 79. Nf4+ Kg7 80. Nd5 Bc5 81. Nf4 $2 (81. Ne3 $18 {Hoping for Nf5+.} Bxe3 82. Kxe3) 81... Bd6 $2 {[%mdl 8192]} (81... Be7 $11 82. Rf5 Kh6) 82. Rg5+ {White is clearly winning.} Kf8 83. Rg8+ Ke7 84. Nd5+ Kd7 85. Rh8 Kc6 86. Ne3 Bc5 87. g5 {[%cal Bg4g5,Bg5g6][%mdl 32]} Bd4 88. Rh4 Be5 89. g6 b5 90. Bf7 Kd7 91. Ng4 {Precision: White = 78%, Black = 32%.} 1-0

[Event "36th Zalakaros Festival 2017"]
[Site "Zalakaros"]
[Date "2017.05.21"]
[Round "4"]
[White "Saptarshi, Roy"]
[Black "Papp, Gabor"]
[Result "0-1"]
[WhiteElo "2407"]
[BlackElo "2592"]
[Annotator "TA"]
[PlyCount "62"]
[EventDate "2017.??.??"]
[EventType "swiss"]
[EventCountry "HUN"]
[SourceTitle "playchess.com"]
[Source "ChessBase"]
[SourceQuality "1"]

{[%evp 22,62,22,3,14,10,9,14,10,0,0,-30,-28,-31,-31,-24,162,-59,-61,-66,-68,-178,-206,-430,-442,-602,-511,-521,-269,-264,-268,-255,-249,-282,-278,-314,-301,-345,-346,-314,-332,-463,-475]} 1. e4 c5 2. Nf3 Nc6 3. d4 cxd4 4. Nxd4 Nf6 5. Nc3 d6 6. Bg5 e6 7. Qd2 a6 8. O-O-O Bd7 9. f3 h6 10. Be3 b5 11. Nxc6 Bxc6 12. Ne2 Qc7 {B66: Sicilian: Richter-Rauzer: 7...a6 8 0-0-0 h6} 13. Nd4 Bb7 14. Bd3 (14. Kb1 e5 15. Nb3 d5 16. Qa5 Qc8 17. a4 Be7 18. axb5 axb5 19. Bxb5+ Kf8 20. Qb6 d4 21. Bxd4 exd4 22. Rxd4 Bd8 23. Rxd8+ Qxd8 24. Qxb7 Rb8 25. Qa6 Ra8 26. Qb7 Rb8 27. Qa6 {½-½ (27) Mista,A (2613)-Vovk,A (2614) Arad 2014}) 14... Nd7 {The position is equal.} 15. Kb1 Ne5 16. g4 d5 17. exd5 $146 ({Predecessor:} 17. Rhg1 dxe4 18. fxe4 Rd8 19. Qf2 Rd7 20. Nf3 Nxf3 21. Qxf3 {0-1 (71) Meurs,T (2116)-Van Kampen,R (2475) Venlo 2008}) 17... Nxd3 18. dxe6 Nb4 $2 {[#]} (18... Ne5 $11 {and Black stays safe.} 19. exf7+ Kxf7) 19. Bf4 $2 ({White has to play} 19. Nxb5 $1 $18 {[%mdl 512]} axb5 20. Qd7+ Qxd7 21. exd7+ Ke7 22. Bc5+ Kf6 23. d8=Q+ Rxd8 24. Rxd8 Bxc5 25. Rxh8) 19... Qc4 $15 20. b3 Qc5 $1 {Threatens to win with ...Rd8.} 21. exf7+ (21. e7 $15 Bxe7 22. Nf5 Qxc2+ 23. Qxc2 Nxc2 24. Rhf1) 21... Kxf7 $19 22. Ne6 $2 (22. Rhe1 {might work better.} Nd5 23. Rc1) 22... Kxe6 23. Qd7+ Kf6 24. c3 {White wants to mate with Rhe1.} Bc6 25. cxb4 Bxd7 26. bxc5 Bc6 27. Rd3 Be7 28. Re1 {Hoping for Rde3.} Rhe8 ({Stronger than} 28... Bxc5 29. Rc3 $11) 29. Re5 Kf7 30. Rf5+ Bf6 31. Rd6 Bxf3 {Precision: White = 33%, Black = 67%.} 0-1